00551nam a2200169Ia 4500008004100000100002300041245006900064245004600133260003000179260000900209300002400218440005100242650001600293650002700309650002500336650002000361190427s9999 xx 000 0 und d aMitchell Church, E aCompetition and information deception in online social networks/ cE. Mitchell Church and Ravi Thambusamy.-- bTaylor and Francis Group  c2018 apages 274-281, 2018 aJournal of Computer Inforamation Systemv58(3) aCompetition aOnline social networks aPersonal information aPrivacy concern